000 00874cam a2200253 i 4500
001 42471
003 Mx-PuUPA
005 20250523110843.0
008 140415s2023 mx gr 000 0 spa d
020 _a9789506282887
040 _aMx-PuUPA
_bspa
_cMx-PuUPA
_dMx-PuUPA
_erda
041 _aspa
100 1 _aRodríguez Caso, Juan Manuel
_eautor
245 1 0 _aCharles Darwin y la religión :
_bmitos en la historia de la ciencia /
_cJuan Manuel Rodríguez Caso
250 _a
264 1 _aMéxico, Puebla :
_bUniversidad Popular Autónoma del Estado de Puebla,
_c©2023
300 _a98 páginas ;
_c22 cm
336 _2rdacontent
_atexto
_btxt
337 _2rdamedia
_asin medio
_bn
338 _2rdacarrier
_avolumen
_bnc
942 _2ddc
_cLI
_hxx
_ixx
_n
999 _c42471
_d42471